Self-assessment picture tests in otolaryngology, head and neck surgery

This book contains short-answer and multiple choice questions designed to reflect the different examining styles found around the world. Each question is based on the interpretation of clinical photographs, audiological tests and radiological imaging techniques

Na minha lista:
Detalhes bibliográficos
Formato: Livro
Idioma:Undetermined
Publicado em: London Mosby-Wolfe 1995
Assuntos:
Tags: Adicionar Tag
Sem tags, seja o primeiro a adicionar uma tag!
Thư viện lưu trữ: Trung tâm Học liệu Trường Đại học Cần Thơ
LEADER 00766nam a2200169Ia 4500
001 CTU_19139
008 210402s9999 xx 000 0 und d
082 |a 617.51 
082 |b O.87 
245 0 |a Self-assessment picture tests in otolaryngology, head and neck surgery 
260 |a London 
260 |b Mosby-Wolfe 
260 |c 1995 
520 |a This book contains short-answer and multiple choice questions designed to reflect the different examining styles found around the world. Each question is based on the interpretation of clinical photographs, audiological tests and radiological imaging techniques 
650 |a head - surgery,neck - surgery,otolaryngology, operative 
904 |i Minh, 971009 
980 |a Trung tâm Học liệu Trường Đại học Cần Thơ